MARC details
| 000 -LEADER |
| fixed length control field |
01830nam a22003735n 4500 |
| 003 - CONTROL NUMBER IDENTIFIER |
| control field |
EG-ScBUE |
| 005 - DATE AND TIME OF LATEST TRANSACTION |
| control field |
20201116124215.0 |
| 008 - FIXED-LENGTH DATA ELEMENTS--GENERAL INFORMATION |
| fixed length control field |
200219s2015 cc f 001 0 chi d |
| 020 ## - INTERNATIONAL STANDARD BOOK NUMBER |
| International Standard Book Number |
9787561910467 |
| 040 ## - CATALOGING SOURCE |
| Original cataloging agency |
EG-ScBUE |
| Language of cataloging |
eng |
| Description conventions |
rda |
| Transcribing agency |
EG-ScBUE |
| Modifying agency |
EG-ScBUE |
| 082 04 - DEWEY DECIMAL CLASSIFICATION NUMBER |
| Classification number |
495.182421 |
| Item number |
HAN |
| Edition number |
22 |
| 245 00 - TITLE STATEMENT |
| Title |
汉语阅读教程. |
| Number of part/section of a work |
上册 / |
| Statement of responsibility, etc |
陈田顺, 朱 彤 编著, 徐燕军. = Hanyu yuedu jiaocheng. shang ce = Hàn yǔ yuè dú jiào chéng . shàng cè / chén tián shùn, zhū tóng biān zhù, xú yàn jūn. = Chinese reading course. volume 1 / edited by Chen Tianshun, Zhu Tong, Xu Yanjun. |
| 246 31 - VARYING FORM OF TITLE |
| Title proper/short title |
Hanyu yuedu jiaocheng. |
| Number of part/section of a work |
shang ce |
| 246 31 - VARYING FORM OF TITLE |
| Title proper/short title |
Hàn yǔ yuè dú jiào chéng. |
| Number of part/section of a work |
shàng cè |
| 246 31 - VARYING FORM OF TITLE |
| Title proper/short title |
Chinese reading course. |
| Number of part/section of a work |
volume 1 |
| 250 ## - EDITION STATEMENT |
| Edition statement |
第8版 = |
| Remainder of edition statement |
Di 8 ban = eighth edition. |
| 264 #1 - PUBLICATION, DISTRIBUTION, ETC. (IMPRINT) |
| Place of publication, distribution, etc |
Beijing : |
| Name of publisher, distributor, etc |
Beijing Language and Culture University Press, |
| Date of publication, distribution, etc |
2015. |
| 264 #1 - PUBLICATION, DISTRIBUTION, ETC. (IMPRINT) |
| Place of publication, distribution, etc |
北京 : |
| Name of publisher, distributor, etc |
北京语言文化大学出版社 = Beijing yu yan wen hua da xue chu ban she, |
| Date of publication, distribution, etc |
2015. |
| 300 ## - PHYSICAL DESCRIPTION |
| Extent |
volume 1 (329 pages) ; |
| Dimensions |
24 cm. |
| 336 ## - CONTENT TYPE |
| Content type term |
text |
| Content type code |
txt |
| Source |
rdacontent |
| 337 ## - MEDIA TYPE |
| Media type term |
unmediated |
| Media type code |
n |
| Source |
rdamedia |
| 338 ## - CARRIER TYPE |
| Carrier type term |
volume |
| Carrier type code |
nc |
| Source |
rdacarrier |
| 490 0# - SERIES STATEMENT |
| Series statement |
对外汉语本科系列教材. |
| -- |
语言技能类(二年级) = |
| -- |
Dui wai Han yu ben ke xi lie jiao cai. |
| -- |
Yu yan ji neng lei (er nian ji) = |
| -- |
Series of textbooks for undergraduate Chinese as a foreign language. |
| -- |
Language skills (second grade) |
| 500 ## - GENERAL NOTE |
| General note |
Includes index. |
| 521 3# - TARGET AUDIENCE NOTE |
| Target audience note |
For grade 2. |
| 650 #7 - SUBJECT ADDED ENTRY--TOPICAL TERM |
| Topical term or geographic name as entry element |
Chinese language |
| Form subdivision |
Textbooks for foreign speakers. |
| 650 #7 - SUBJECT ADDED ENTRY--TOPICAL TERM |
| Topical term or geographic name as entry element |
Chinese language |
| General subdivision |
Study and teaching |
| -- |
Foreign speakers. |
| Source of heading or term |
BUEsh |
| 653 ## - INDEX TERM--UNCONTROLLED |
| Resource For college |
Humanities: Chinese |
| Arrived date list |
November2020 |
| 655 ## - INDEX TERM--GENRE/FORM |
| Form subdivision |
Text book |
| 9 (RLIN) |
33728 |
| 700 1# - ADDED ENTRY--PERSONAL NAME |
| Personal name |
Tianshun, Chen, |
| Relator term |
editor. |
| 700 1# - ADDED ENTRY--PERSONAL NAME |
| Personal name |
Tong, Zhu, |
| Relator term |
editor. |
| 700 1# - ADDED ENTRY--PERSONAL NAME |
| Personal name |
Yanjun, Xu, |
| Relator term |
editor. |
| 942 ## - ADDED ENTRY ELEMENTS (KOHA) |
| Source of classification or shelving scheme |
Dewey Decimal Classification |
| Koha item type |
Book - Borrowing |